000 00411nam a2200181Ia 4500
008 210210b1955 xxu||||| |||| 00| 0 eng d
041 _aeng
082 _a822/1209
100 _aTHOMAS (Dylan)
245 _aProspect of the sea
260 _aLondon
_bJ M Dent and Sons Ltd.
_c1955
650 _athe
650 _asea
650 _aProspect
650 _aof
690 _aEnglish Prose
906 _a013391
999 _c132256
_d132256